Normal view
MARC view
- al- Nasafi, Umar ibn Muhammad,
Entry Personal Name
001 - CONTROL NUMBER
- control field: 851
003 - CONTROL NUMBER IDENTIFIER
- control field: OSt
005 - DATE AND TIME OF LATEST TRANSACTION
- control field: 20170503153031.0
008 - FIXED-LENGTH DATA ELEMENTS
- fixed length control field: 170503|| aca||aabn | a|a d
040 ## - CATALOGING SOURCE
- Original cataloging agency: OSt
- Transcribing agency: OSt
100 ## - HEADING--PERSONAL NAME
- Personal name: al- Nasafi, Umar ibn Muhammad,
- Dates associated with a name: 1068?-1142.
- Title of a work: Aqa'id
670 ## - SOURCE DATA FOUND
- Source citation: Work cat.: (OSt)0: al-Attas, Syed Muhammad Naquib, 1931- 847, The oldest known Malay manuscript :, 1988

PORTAL AKMAL
E-MEL JKDM
AKMAL2U
G-BAM
u-PUSTAKA